Ψυχολογία του παιδός : Psychology of childhood
Saved in:
| Main Author: | |
|---|---|
| Format: | Book |
| Language: | Greek |
| Published: |
Εν Αθήναις :
[χ.ό.],
1935.
|
| Edition: | 3η έκδ. |
| Subjects: | |
| Online Access: | http://hdl.handle.net/11610/16543 |
| Tags: |
Add Tag
No Tags, Be the first to tag this record!
|
MARC
| LEADER | 00000cam a2200000 i 4500 | ||
|---|---|---|---|
| 001 | 1/57007 | ||
| 008 | 040608s1935 gr || ||| ||gre|| | ||
| 035 | |l 10073698 | ||
| 040 | |a GR-MY-UA |b gre |e aacr | ||
| 041 | 0 | |a gre | |
| 082 | 7 | |a 155.4 | |
| 100 | 1 | |a Σακελλαρίου, Γεώργιος Θ. | |
| 245 | 1 | 0 | |a Ψυχολογία του παιδός : |b Psychology of childhood / |c Γεωργίου Θ. Σακελλαρίου. |
| 246 | 2 | 1 | |a Psychology of childhood. |
| 250 | |a 3η έκδ. | ||
| 260 | |a Εν Αθήναις : |b [χ.ό.], |c 1935. | ||
| 300 | |a 460 σ. ; |c 24 εκ. | ||
| 500 | |a Υπάρχει ψηφιακό αντίγραφο. | ||
| 504 | |a Περιέχει βιβλιογραφία: σ. [449]-454, βιβλιογραφικές παραπομπές, πίνακες και παράρτημα. | ||
| 650 | 0 | 0 | |a Child psychology. |
| 852 | |a INST |b RHODES |c AKA |e 20040608 |h 155.4 ΣΑΚ |p 005400018870 |q 005400018870 |t BK |y 23 | ||
| 856 | |u http://hdl.handle.net/11610/16543 | ||
| 901 | |a BIBL4-2004-2 | ||
| 909 | |a Ρ |b 109642 | ||
| 970 | |a ΚΟΥΛΑΚΙΟΤΗ |b ΛΙΤΣΑ |z 2004-06-08 | ||